Tratados VIII y IX del código militar (Registro nro. 25146)
[ vista simple ]
| 000 -CABECERA | |
|---|---|
| Campo de control interno | 00419nam a2200169Ia 4500 |
| 008 - ELEMENTOS DE LONGITUD FIJA - INFORMACION | |
| Elementos de Longitud Fija - Informaci | 141014s9999||||xx |||||||||||||| ||und|| |
| 010 ## - LIBRARY OF CONGRESS CONTROL NUMBER | |
| LC control number | 24996 |
| 020 ## - INTERNATIONAL STANDARD BOOK NUMBER | |
| ISBN | S/ISBN |
| 040 ## - ORIGEN DE LA CATALOGACION | |
| Origen de la Catalogación | ANE |
| 041 ## - CODIGO DE LENGUAJE | |
| Código de lenguaje del texto | Es |
| 082 ## - NUMERO DE CLASIFICACION DECIMAL DEWEY | |
| 1ra. Clasificación | 355.1339866 A168 |
| 110 ## - AUTOR CORPORATIVO | |
| Autor Corporativo | Academia de abogados de Quito |
| 245 ## - TÍTULO GENERAL | |
| Título | Tratados VIII y IX del código militar |
| 250 ## - EDICION | |
| Edición | S/E |
| 260 ## - EDITORIAL | |
| Ciudad | Ecuador |
| Fecha | S/A |
| Nombre de la Editorial | Salesianos |
| 300 ## - DESCRIPCION | |
| Número de páginas | 551 p |
| Dimensiones | 24 cm |
| 942 ## - ELEMENTOS DE KOHA | |
| Tipo de Documento | Libros |
| Esquema de Clasificaci | |
| Catalogador | Nr. |
| Withdrawn status | Lost status | Fuente de Clasificaci | Damaged status | Not for loan | Ubicaci | Biblioteca | Fecha de Adquisición | Signatura Topogr | Código de barras | Date last seen | Price effective from | Tipo de Item |
|---|---|---|---|---|---|---|---|---|---|---|---|---|
| Biblioteca Asamblea Nacional | Biblioteca Asamblea Nacional | 2020-01-27 | 355.1339866 A168 | 24996 | 2014-10-14 | 2014-10-14 | Libros |